| 000 | 00412nam a22001697a 4500 | ||
|---|---|---|---|
| 005 | 20180411142600.0 | ||
| 008 | 160523b xxu||||| |||| 00| 0 eng d | ||
| 020 | _a817188240-4 | ||
| 041 | _aeng | ||
| 082 |
_b4176 _a338.954 |
||
| 100 |
_aKapila/Uma & Raj _91006 |
||
| 245 | _aEconomic Reforms | ||
| 260 |
_aNew Delhi _bAcademic Faundation _c2002 |
||
| 300 | _a408 | ||
| 650 |
_aManagement _9241 |
||
| 942 | _cBK | ||
| 999 |
_c1406 _d1406 |
||